000 00333nam a2200145Ia 4500
005 20251222141839.0
008 251222s9999||||xx |||||||||||||| ||spa||
020 _a9972977072
082 _a635/S24
100 _aSánchez Reyes, Cristian
245 0 _aBiohuertos:
250 _a1ra.ed.
264 _bEdiciones Ripalme
942 _cLIB
999 _c7348
_d7348